00714nam a2200193 a 4500003000200000005001700002008004100019050002900060100001600089245009800105260009300203300004000296504004100336650002600377650002900403650003400432650003400466650002000500020250225124706.0111115s19uu xx 00 eng d aPGS GV 706.4 b.K49 2011 aKim, Jiwan. aGender and extent of self-esteem and sports involvement of SISC varsity players /cJiwan Kim. aLas Piñas City, Philippines : bSouthville International School and Colleges, c2011. a29 pages :billustrations ;c28 cm. aIncludes bibliographical references. aSports participation. aSelf-esteem in children. aGender differences in sports. aStudent athletesvPsychology. aVarsity sports.